Представление документа в формате RUSMARC

ПолеНазваниеЗначение
  Тип записи a
  Библиографический уровень m
001 Контрольный номер RU/SLIB/B/236096829
005 Дата корректировки 20201206204520.8
010 Индекс ISBN __
d Цена 30-00
101 Язык документа __
a Язык текста rus
c Язык оригинала rus
200 Заглавие и сведения об ответственности 1_
a Заглавие Выдающиеся путешественники и исследователи XX века
e Сведения, относящиеся к заглавию рек. указ. лит.
f Первые сведения об ответственности Гос. респ. юнош. б-ка РСФСР им. 50-летия ВЛКСМ ; сост. Л. А. Иванчикова
b Общее обозначение материала Текст
210 Выходные данные __
a Место издания М.
c Издательство Изд-во Гос. респ. юнош. биб-ки РСФСР им. 50-летия ВЛКСМ
d Дата издания 1982
215 Физическое описание __
a Объем 52 с.
300 Общие примечания __
a Общие примечания Дар
606 Тематические рубрики __
a Основная рубрика Литература универсального содержания
606 Тематические рубрики __
a Основная рубрика Библиографические пособия
606 Тематические рубрики __
a Основная рубрика География
z Хронологическая подрубрика 20 в.
y Географическая подрубрика Россия; Сибирь; Дальний Восток; Средняя Азия; Арктика; Антарктика
606 Тематические рубрики __
a Основная рубрика История географии
610 Ключевые слова __
a Ключевые слова путешественники; путешествия; географические открытия; библиографические сведения; библиографические данные
686 Индексы других классификаций __
a Классификационный индекс 91.9:2; 26.8г
686 Индексы других классификаций __
a Классификационный индекс 26.8г
702 Вторичная интеллектуальная ответственность _1
a Фамилия Иванчикова
b Имя Л. А.
4 Код отношения Составитель
4 Код отношения 220
801 Источник записи _0
a Страна RU
b Организация Муниципальное бюджетное учреждение культуры "Централизованная библиотечная система" г. Сургут (Центральная городская библиотека им. А. С. Пушкина)
g Правила каталогизации КиК/Елгина
801 Источник записи _1
a Страна RU
b Организация Муниципальное бюджетное учреждение культуры "Централизованная библиотечная система" г. Сургут (Центральная городская библиотека им. А. С. Пушкина)
g Правила каталогизации КиК/Елгина
852 Данные о местонахождении __
j Шифр хранения 91.9:2
i Авторский знак В 92
901 Тип документа __
t Тип документа m
903 Характеристики (МАРС) __
a Дата передачи 20070704
990 Данные о заказе (DOS) __
j Количество экземпляров (DOS) 1
h N записи в КСУ для Б/У (DOS) 200708